Elaboración de un protocolo para la construcción de una bóveda de concreto masivo
Gorde:
| Egile nagusia: | |
|---|---|
| Formatua: | Liburua |
| Argitaratua: |
[San José, Costa Rica]
2009
|
| Gaiak: | |
| Etiketak: |
Etiketa erantsi
Etiketarik gabe, Izan zaitez lehena erregistro honi etiketa jartzen!
|
MARC
| LEADER | 00000nam a2200000Ia 4500 | ||
|---|---|---|---|
| 003 | 001289 | ||
| 005 | 20221231144052.0 | ||
| 008 | 140114s2009 cr a 000 ||s d | ||
| 040 | |c cru CEDI | ||
| 090 | |a TFG 5812 | ||
| 100 | |a Arguedas Miranda, Andrés |9 3952 | ||
| 245 | |a Elaboración de un protocolo para la construcción de una bóveda de concreto masivo | ||
| 260 | |c 2009 |b [San José, Costa Rica] | ||
| 300 | |a x, 145, [17] hojas; ilustraciones (algunas a color), mapas | ||
| 500 | |a Proyecto de graduación (licenciatura en ingeniería civil)--Universidad Costa Rica. Facultad de Ingeniería. Escuela de Ingeniería Civil | ||
| 650 | |x CONSTRUCCIONES DE HORMIGON |x INDUSTRIA DE LA CONSTRUCCION |x INSPECCION |x CONTROL DE CALIDAD |x PROTOCOLOS DE VALIDACION |x ADMINISTRACION DE PROYECTOS |9 3953 | ||
| 942 | |c TFG | ||
| 999 | |c 16423 |d 16423 | ||
